Naupacte - Choix multiples - Statistiques

Statistiques générales
  • Ce quiz a été pris 5 fois
  • Le résultat moyen est 7 sur 10
Statistiques - réponses
Question Réponse % Correct
Parmi les États suivants, lequel n'a pas participé à la bataille de 1571 à Naupacte aux côtés de la Sainte-Ligue ? La France
100%
Dans quel pays se situe Naupacte ? La Grèce
100%
Quelle péninsule fait face à Naupacte ? Le Péloponnèse
100%
Quel célèbre auteur a participé à la bataille de 1571 à Naupacte ? Miguel de Cervantes
100%
Qui était le commandant en chef de la Sainte-Ligue qui a remporté la bataille de Naupacte [bataille connue sous le nom précédent de la ville] contre les Ottomans en 1571 ? Don Juan d'Autriche
75%
Quel nom portait Naupacte à la fin du Moyen-âge et aux temps modernes, notamment entre le 15e et 17e siècle ? Lépante
75%
Quelle chaîne de montagnes domine le port de Naupacte ? Le Pinde
75%
Quel poète britannique a fustigé l'État précédent pour sa non-participation à la bataille dans un poème épique portant l'ancien nom de Naupacte ? G.K. Chesterton
50%
Quel fleuve se jette dans le golfe à Naupacte ? Le Mórnos
25%
Reconnaissez-vous Naupacte sur l'une des photographies suivantes ?
0%
Aucun quiz correspondant
Distribution des résultats
% des personnes avec chaque résultat
Percentile par nombre de réponses
Votre historique - résultats
Vous n’avez pas pris ce quiz